Construction Contracts : (Record no. 13583)
[ view plain ]
| 000 -LEADER | |
|---|---|
| fixed length control field | 01980cam a2200337 a 4500 |
| 001 - CONTROL NUMBER | |
| control field | 14825492 |
| 005 - DATE AND TIME OF LATEST TRANSACTION | |
| control field | 20160721135434.0 |
| 008 - FIXED-LENGTH DATA ELEMENTS--GENERAL INFORMATION | |
| fixed length control field | 070427s2008 nyu |rb 001 0 eng |
| 010 ## - LIBRARY OF CONGRESS CONTROL NUMBER | |
| LC control number | 2007017713 |
| 015 ## - NATIONAL BIBLIOGRAPHY NUMBER | |
| National bibliography number | GBA708136 |
| Source | bnb |
| 016 7# - NATIONAL BIBLIOGRAPHIC AGENCY CONTROL NUMBER | |
| Record control number | 013655616 |
| Source | Uk |
| 020 ## - INTERNATIONAL STANDARD BOOK NUMBER | |
| International Standard Book Number | 9780415393690 (pbk. : alk. paper) |
| 035 ## - SYSTEM CONTROL NUMBER | |
| System control number | (OCoLC)ocm81452964 |
| 035 ## - SYSTEM CONTROL NUMBER | |
| System control number | (OCoLC)81452964 |
| 040 ## - CATALOGING SOURCE | |
| Original cataloging agency | DLC |
| Transcribing agency | DLC |
| Modifying agency | UKM |
| -- | BTCTA |
| -- | BAKER |
| -- | BWKUK |
| -- | BWK |
| -- | YDXCP |
| -- | OCLCQ |
| -- | DLC |
| 043 ## - GEOGRAPHIC AREA CODE | |
| Geographic area code | e-uk--- |
| 050 00 - LIBRARY OF CONGRESS CALL NUMBER | |
| Classification number | KD1641 |
| Item number | .M87 2008 |
| 082 00 - DEWEY DECIMAL CLASSIFICATION NUMBER | |
| Classification number | 692.8 |
| Edition number | 22 |
| Item number | MUR |
| 100 1# - MAIN ENTRY--PERSONAL NAME | |
| Personal name | Murdoch, J. R. |
| 9 (RLIN) | 12256 |
| 245 10 - TITLE STATEMENT | |
| Title | Construction Contracts : |
| Remainder of title | Law and management / |
| Statement of responsibility, etc | John Murdoch and Will Hughes. |
| 250 ## - EDITION STATEMENT | |
| Edition statement | 4th ed. |
| 260 ## - PUBLICATION, DISTRIBUTION, ETC. (IMPRINT) | |
| Place of publication, distribution, etc | London ; |
| -- | New York : |
| Name of publisher, distributor, etc | Taylor & Francis, 2008 |
| Date of publication, distribution, etc | 2008. |
| 300 ## - PHYSICAL DESCRIPTION | |
| Extent | xxvi, 401 p. ; |
| Dimensions | 24 cm. |
| 504 ## - BIBLIOGRAPHY, ETC. NOTE | |
| Bibliography, etc | Includes bibliographical references (p. [383]-387) and indexes. |
| 505 0# - FORMATTED CONTENTS NOTE | |
| Formatted contents note | UK construction industry context -- Roles and relationships -- General contracting -- Design and build -- Management contracting -- Construction management -- Procurement methods and risk allocation -- Contract choice -- Tendering and contract formation -- Liability in contract and tort -- Contractor's obligations -- Employer's obligations -- Responsibility for design -- Time -- Payment -- Contractors' claims for loss and expense -- Insurance and bonds -- Role of the contract administrator -- Sub-contracts -- Employer-selected sub-contractors -- Financial remedies for breach of contract -- Defective buildings and subsequent owners -- Suspension and termination of contracts -- Non-adversarial dispute resolution -- Adversarial dispute resolution. |
| 650 #0 - SUBJECT ADDED ENTRY--TOPICAL TERM | |
| 9 (RLIN) | 12257 |
| Topical term or geographic name as entry element | Construction contracts |
| Geographic subdivision | Great Britain |
| 700 1# - ADDED ENTRY--PERSONAL NAME | |
| Personal name | Hughes, Will, |
| Titles and other words associated with a name | Ph. D. |
| 9 (RLIN) | 12258 |
| 856 41 - ELECTRONIC LOCATION AND ACCESS | |
| Materials specified | Table of contents only |
| Uniform Resource Identifier | <a href="http://www.loc.gov/catdir/toc/ecip0716/2007017713.html">http://www.loc.gov/catdir/toc/ecip0716/2007017713.html</a> |
| 942 ## - ADDED ENTRY ELEMENTS (KOHA) | |
| Source of classification or shelving scheme | Dewey Decimal Classification |
| Item type | NB - Book (Non borrowing) |
| Withdrawn status | Item status | Source of classification or shelving scheme | Damaged status | Not for loan | Vendor | Home library | Current library | Shelving location | Date acquired | Source of acquisition | Total Checkouts | Full call number | Barcode | Date last seen | Koha item type | Total Renewals | Date last borrowed |
|---|---|---|---|---|---|---|---|---|---|---|---|---|---|---|---|---|---|
| Dewey Decimal Classification | Baccah | Central Library | Central Library | First floor | 04/03/2010 | 692.8 MUR | 000020079 | 15/07/2025 | NB - Book (Non borrowing) | ||||||||
| Dewey Decimal Classification | Baccah | Central Library | Central Library | First floor | 04/03/2010 | 6 | 692.8 MUR | 000020083 | 15/07/2025 | Book - Borrowing | 5 | 11/11/2018 |